Principles of radar / (Record no. 39020)

MARC details
000 -LEADER
fixed length control field 01169nam a22002777a 4500
005 - DATE AND TIME OF LATEST TRANSACTION
control field 20100803153341.0
010 ## - LCCN (DPL NO)
LC control number ENG-97885 B-431068
020 ## - INTERNATIONAL STANDARD BOOK NUMBER
International Standard Book Number 9788120341159
Terms of availability 250.00
035 ## - SYSTEM CONTROL NUMBER
System control number EN-81418 B-431068
037 ## - SOURCE OF ACQUISITION
Source of stock number/acquisition DBAD/PUB
037 ## - SOURCE OF ACQUISITION
Source of stock number/acquisition Allied Pub/Ven
082 ## - DEWEY DECIMAL CLASSIFICATION NUMBER
Classification number 621.3848
100 ## - MAIN ENTRY--PERSONAL NAME
Personal name Toomay,J C
245 ## - TITLE STATEMENT
Title Principles of radar /
Statement of responsibility, etc by J C Toomay [and] Paul J Hannen
250 ## - EDITION STATEMENT
Edition statement 3rd edition
260 ## - PUBLICATION, DISTRIBUTION, ETC. (IMPRINT)
Place of publication, distribution, etc New Delhi
Name of publisher, distributor, etc PHI Learning
Date of publication, distribution, etc 2010
270 ## - ADDRESS
Address M-97, Connaught Circus
City New Delhi
Postal code 110001
300 ## - PHYSICAL DESCRIPTION
Extent xxv,267p
Dimensions 23cm(pbk)
500 ## - GENERAL NOTE
General note includes index
650 ## - SUBJECT ADDED ENTRY--TOPICAL TERM
Topical term or geographic name as entry element Radar
700 ## - ADDED ENTRY--PERSONAL NAME
Personal name Hannen,Paul J
9 (RLIN) 5379
942 ## - ADDED ENTRY ELEMENTS (KOHA)
Source of classification or shelving scheme Dewey Decimal Classification
Item type English Books
Classification part 621.3848
Call number suffix TOO
Holdings
Withdrawn status Lost status Not for loan Collection code Home library Current library Date acquired Source of acquisition Cost, normal purchase price Full call number Barcode Copy number Cost, replacement price Koha item type
      Non-fiction Central Library Central Library 07/06/2011 Allied Pub/2961/29.3.11/85/24.3.11/31.3.11 250.00 621.3848 TOO B-431068 1 250.00 English Books
    Not For Loan Non-fiction D.B.Act.Division D.B.Act.Division 03/08/2010 DBAD/PUB 250.00 621.3848 TOO EN-81418 1 250.00 English Books

© Delhi Public Library
Hit Counter
free hit counter